000 00808nam a2200265Ia 4500
003 OSt
005 20221005091223.0
006 a|||||r|||| 00| 0
007 ta
008 221004b |||||||| |||| 00| 0 eng d
020 _a0198183100 (hbk)
_c3796.52
024 _a98984
037 _b429, 28/09/2009, Bhagwati Book Seller
_cTextual
040 _aCRL
_cCRL
_beng
041 _2eng
_aeng
082 _aO111vN5, P4.10
100 _aBaldick Chris
245 0 _aModern movement
260 _aNew York
_bOxford Univesity Press U.S.A
_c2004
300 _aix, 477p.
_ccm.
490 _vVol. 10
_aOxford English literary History
650 _aENGLISH LITERATURE
942 _hO111vN5, P4.10
_cTEXL
_2cc
999 _c996978
_d996978